000 00476pab a2200145 454500
008 180718b2003 xxu||||| |||| 00| 0 eng d
100 _aAndrews, Matthew
245 _aThe impact of traditional budgeting systems on the effectiveness of performance-based budgeting: a different viewpoint on recent findings
260 _c2003
300 _ap.135-55.
650 _aBudget
700 _aHill, Herb
773 _aInternational Journal of Public Administration
909 _a56719
999 _c56719
_d56719